George Eliot / (رقم التسجيلة. 19713)

تفاصيل مارك
000 -الفاتح
حقل البيانات ثابتة الطول 00869pam a2200265 4500
001 - رقم الضبط
رقم الضبط 013032928
003 - محدد رقم الضبط
رقم الضبط OSt
005 - وقت وتاريخ اخر تعامل مع التسجيلة
رقم الضبط 20150408113958.0
008 - عناصر البيانات ثابتة الطول - معلومات عامة
حقل البيانات ثابتة الطول 111213s2009 enka b 001 0 eng c
020 ## - الرقم الدولى المعيارى للكتب
الرقم الدولى المعيارى للكتاب 9780199556106
040 ## - مصدر الفهرسة
وكالة الفهرسة الأصلية StDuBDS
وكالة النسخ MU
042 ## - رمز التحقق
رمز التحقق ukscp
082 04 - رقم تصنيف ديوى العشرى
رقم التصنيف 823.8 D T G
رقم الطبعة 22
100 1# - المدخل الرئيسى - إسم شخصى
الإسم الشخصى Dolin, Tim,
التواريخ المصاحبة للاسم 1959-
9 (RLIN) 8292
245 10 - بيان العنوان
العنوان George Eliot /
بيان المسئوليه,etc Tim Dolin.
260 ## - PUBLICATION, DISTRIBUTION, ETC. (IMPRINT)
مكان الناشر او الموزع Oxford :
اسم الناشر او الموزع Oxford University Press,
تاريخ النشر أو التوزيع c2005.
300 ## - الوصف المادى
التعداد xviii, 284 p. :
تفاصيل ماديه اخرى للوعاء ill. ;
أبعاد الوعاء 20 cm.
490 1# - بيان السلسلة
عنوان السلسلة Oxford world's classics.
500 ## - تبصرة عامة
تبصرة عامة Formerly CIP.
الهيئة التي ينطبق عليها الحقل Uk
504 ## - تبصرة ببليوجرافية
تبصرة ببليوجرافية,الخ Includes bibliographical references and index.
600 10 - المدخل الاضافى بالموضوع-اسم شخصى
الإسم الشخصى Eliot, George,
التواريخ المصاحبة للاسم 1819-1880
التقسيم الفرعي العام Criticism and interpretation.
9 (RLIN) 8293
830 #0 - المدخل الاضافى بالسلسلة -عنوان موحد
عنوان موحد Oxford world's classics (Oxford University Press).
اسم جزء/قسم العمل Authors in context
9 (RLIN) 8044
942 ## - عناصر المدخل الإضافي( كوها)
مصدر التصنيف او مخطط الترفيف Dewey Decimal Classification
Koha [default] item type DVD
المقتنيات
حالة الفقد نموذج السعر الفعال حالة تلف ليس للاعارة رقم الطلب رقم النسخة تاريخ الاكتساب الموقع الحالي الباركود الفرع الرئيسي Date last seen نوع المادة فى نظام كوها مصدر التصنيف او خطة الترفيف Total Checkouts
  2013-03-10     823.8 D T G n 1 2011-12-14 قسم الاجراءات الفنية (IC) 00100600 قسم الاجراءات الفنية (IC) 2013-03-10 كتاب Dewey Decimal Classification  
  2013-03-10     823.8 D T G n 2 2011-12-14 قسم الاجراءات الفنية (IC) 00100601 قسم الاجراءات الفنية (IC) 2013-03-10 كتاب Dewey Decimal Classification